• 首页
  • 本馆介绍
  • 公告通知
  • 最新文献
  • 馆藏检索
  • 电子资源
  • 读者导购
  • 参考咨询
  • 我的图书馆
  • 登录
  • 详细信息显示
  • 放入我的书架
  • 预约/预借图书
  • 作者相关作品
  • 分类相关作品
  • 丛书相关作品
  • 出版社相关作品

书目信息

  • 表格格式
  • 工作单格式
  • 卡片格式
题名:
马克思主义形成史
    
 
作者: 熊子云 著
分册:  
出版信息: 北京   北京师范学院出版社  1987
页数: 409页
开本: 20cm
丛书名:
单 册:
中图分类: A81
科图分类:
主题词: 马恩著作--学习 , 马恩著作研究
电子资源:
ISBN:
000 00643nam0 2200241 45
001 0187000268
005 20050517170420.6
010    @dCNY3.50
091    @a3427.004
100    @a19951031d1987 emky0chiy0121 ea
101 0  @achi
102    @aCN@b110000
105    @ay z 000yy
200 10 @a马克思主义形成史@Ama ke si zhu yi xing cheng shi@f熊子云著@FXiong Zi Yun Zhu
210    @a北京@c北京师范学院出版社@d1987
215    @a409页@d20cm
606 0  @a马恩著作@x学习
606 0  @a马恩著作研究
690    @aA81
701  0 @a熊子云@4著
801  0 @aCN@b深圳图书馆@c20040423
801  2 @aCN@bNLC@c20040423
905    @dA81@e123@f1@b218087
    
    马克思主义形成史/熊子云著.-北京:北京师范学院出版社,1987
    409页;20cm
    
    
    ISBN :CNY3.50
    
●
相关链接 在E读中查询图书 在五车中查询图书 在当当中查询图书 在豆瓣中查询图书


正题名:马克思主义形成史     索取号:A81/123         预约/预借

序号 登录号 条形码 馆藏地/架位号 状态 备注
1 0218085   000958985   第一借阅区/ [索取号:A81/123] 在馆    
2 0218086   000958976   第一借阅区/ [索取号:A81/123] 在馆    
3 0218087   002047467   第一样本阅览室/ [索取号:A81/123] 在馆    
唐山师范学院图书馆 欢迎您!
大连网信软件有限公司© 版权所有